Automatic process control for chemical engineers (Record no. 25223)

000 -LEADER
fixed length control field 00528nam a2200193 4500
001 - CONTROL NUMBER
control field 25223
003 - CONTROL NUMBER IDENTIFIER
control field BD-DhUET
008 - FIXED-LENGTH DATA ELEMENTS--GENERAL INFORMATION
fixed length control field 150304b1956 xxu||||| |||| 00| 0 eng d
040 ## - CATALOGING SOURCE
Original cataloging agency DLC
Transcribing agency DLC
Modifying agency BD-DhUET
082 ## - DEWEY DECIMAL CLASSIFICATION NUMBER
Classification number 660.28
Item number CEA/1956
100 ## - MAIN ENTRY--PERSONAL NAME
Personal name Ceaglaske, Norman H.
245 ## - TITLE STATEMENT
Title Automatic process control for chemical engineers
250 ## - EDITION STATEMENT
Edition statement 1st ed.
260 ## - PUBLICATION, DISTRIBUTION, ETC. (IMPRINT)
Place of publication, distribution, etc. New Delhi
Name of publisher, distributor, etc. Wiley Eastern
Date of publication, distribution, etc. 1956
300 ## - PHYSICAL DESCRIPTION
Extent xiv, 228 p.
Other physical details ill.
Dimensions 23 cm.
504 ## - BIBLIOGRAPHY, ETC. NOTE
Bibliography, etc Includes bibliographies
650 #0 - SUBJECT ADDED ENTRY--TOPICAL TERM
Topical term or geographic name as entry element Chemical engineering
942 ## - ADDED ENTRY ELEMENTS (KOHA)
Koha item type General Book
Holdings
Koha full call number Source of classification or shelving scheme Not for loan Shelving location Copy number Price effective from Location (home branch) Sublocation or collection (holding branch) Damaged status Withdrawn status Date acquired Piece designation (barcode) Koha item type Koha date last seen Lost status Koha normalized classification for sorting
660.28/CEA/1956  Circulation section12015-05-13Central Library, BUETCentral Library, BUET  2015-05-1332624General Book2015-05-13 660_280000000000000_CEA_1956
660.28/CEA/1956  Circulation section22015-05-13Central Library, BUETCentral Library, BUET  2015-05-1332623General Book2015-05-13 660_280000000000000_CEA_1956
660.28/CEA/1956  Circulation section32015-05-13Central Library, BUETCentral Library, BUET  2015-05-1332622General Book2015-05-13 660_280000000000000_CEA_1956
660.28/CEA/1956  Circulation section42015-05-13Central Library, BUETCentral Library, BUET  2015-05-1332621General Book2015-05-13 660_280000000000000_CEA_1956
660.28/CEA/1956  Circulation section52015-05-13Central Library, BUETCentral Library, BUET  2015-05-1320928General Book2015-05-13 660_280000000000000_CEA_1956
660.28/CEA/1956  Circulation section62015-05-13Central Library, BUETCentral Library, BUET  2015-05-1337310General Book2015-05-13 660_280000000000000_CEA_1956
660.28/CEA/1956  Circulation section72015-05-13Central Library, BUETCentral Library, BUET  2015-05-1332625General Book2015-05-13 660_280000000000000_CEA_1956
660.28/CEA/1956  Circulation section82015-05-13Central Library, BUETCentral Library, BUET  2015-05-1311145General Book2015-05-13 660_280000000000000_CEA_1956
660.28/CEA/1956  Circulation section92015-05-13Central Library, BUETCentral Library, BUET  2015-05-1311148General Book2015-05-13 660_280000000000000_CEA_1956
660.28/CEA/1956  Circulation section102015-05-13Central Library, BUETCentral Library, BUET  2015-05-1311144General Book2015-05-13 660_280000000000000_CEA_1956
660.28/CEA/1956  Circulation section112015-05-13Central Library, BUETCentral Library, BUET  2015-05-1312431General Book2015-05-13 660_280000000000000_CEA_1956
660.28/CEA/1956  Circulation section122015-05-13Central Library, BUETCentral Library, BUET  2015-05-1310151General Book2015-05-13 660_280000000000000_CEA_1956